| 000 | 02045nam0a2200385 4500 | ||
|---|---|---|---|
| 001 | RU\NLR\BIBL_A\022561721 | ||
| 005 | 20260420045532.0 | ||
| 010 |
_a978-5-9905278-5-0 _91000 |
||
| 021 |
_aRU _bКН-П-25-022282 _9КН-П-25-2253 |
||
| 035 | _a(NLR Aleph) 022561721 | ||
| 090 |
_a13674683 _c13674683 |
||
| 100 | _a20250606d2025 b y0rusy50 ca | ||
| 101 | 0 | _arus | |
| 102 | _aRU | ||
| 105 | _aa j 000yy | ||
| 181 | 0 |
_ai3 _baxxe |
|
| 181 | 0 |
_ab2 _bxb2e |
|
| 182 | 0 | _an | |
| 200 | 1 |
_aРазвитие мировоззрения и миропонимания _eучебное пособие _e[для детей дошкольного и начального школьного возраста] _fИванов А. В. |
|
| 203 |
_aТекст _aИзображение _bвизуальные _cнепосредственные |
||
| 210 |
_a[Б. м.] _cИванов Адрей Валерьевич _d2025 |
||
| 215 |
_a40 с. _cил. _d29 |
||
| 300 | _aВ макете загл.: Учебное пособие "Развитие мировоззрения и миропонимания" | ||
| 300 | _aАвт. указан на 2-й с. в макете | ||
| 309 | _aБез тит. л. Описано по обл. | ||
| 517 | 1 | _aУчебное пособие "Развитие мировоззрения и миропонимания" | |
| 606 | 1 |
_aМировоззрение _jУчебно-методические пособия _xФормирование в дошкольных учреждениях _92270064 _3RU\NLR\AUTH\6601589738 |
|
| 606 | 1 |
_aДошкольники _jУчебно-методические пособия _xДуховно-нравственное воспитание _92580633 _3RU\NLR\AUTH\661525604 |
|
| 686 | 1 | _aЧ411.35я7 | |
| 700 | 1 |
_7ca _8rus _aИванов _bА. В. _cлитератор _f1974- _gАндрей Валерьевич _92670626 _3RU\NLR\AUTH\770282172 |
|
| 942 | _cBOOK | ||
| 980 | _aNB | ||